00398nam a2200145Ia 4500008004100000020001500041041001200056082001600068100001400084245008600098260002500184300000800209650001600217700001900233221030s9999 xx 000 0 und d a0074603183 aEnglish a105.23bRoy aM. K. Roy 0aCobol - Programming Including MS Cobol & Cobol - 85cby M. K. Roy, D. G. Dastidar bTMHaNew Delhic1998 a496 aBE Computer aD. G. Dastidar